Faites apparaître les pays de l'espace Schengen sur une carte - Statistiques

Statistiques générales
  • Ce quiz a été pris 1 945 fois
    1 390 depuis la dernière actualisation
  • Le résultat moyen est 26 sur 29
Réponses sur la Carte
Les réponses sont colorées sur une échelle allant du rouge au vert en fonction du pourcentage des utilisateurs qui les ont devinées à leur premier essai. Vous pouvez retrouver ces pourcentages ci-dessous.
 
Statistiques - réponses
Date Pays % Correct
1995 France
100%
1995 Espagne
99%
1995 Allemagne
98%
1997 Italie
98%
2008 Suisse
97%
1995 Belgique
96%
2007 Pologne
96%
1997 Autriche
95%
2001 Norvège
95%
1995 Portugal
95%
2001 Suède
95%
2001 Finlande
94%
1995 Luxembourg
94%
1995 Pays-Bas
93%
2007 Estonie
92%
2007 Lettonie
92%
2007 Lituanie
92%
2023 Croatie
91%
2007 Hongrie
91%
2024 Roumanie
91%
2007 Rép. Tchèque
90%
2007 Slovaquie
89%
2007 Slovénie
89%
2001 Danemark
88%
2000 Grèce
87%
2024 Bulgarie
84%
2001 Islande
76%
2007 Malte
73%
2011 Liechtenstein
64%
Aucun quiz correspondant
Distribution des résultats
% des personnes avec chaque résultat
Percentile par nombre de réponses
Votre historique - résultats
Vous n’avez pas pris ce quiz depuis la dernière actualisation